Evaluación técnica de la calidad y seguridad en obra del proceso constructivo en la construcción de tres puentes en vías cantonales en Costa Rica y propuesta de listas de verificación para utilizar en la etapa constructiva
Uloženo v:
| Hlavní autor: | |
|---|---|
| Médium: | Kniha |
| Vydáno: |
[San José], Costa Rica
2011
|
| Témata: | |
| Tagy: |
Přidat tag
Žádné tagy, Buďte první, kdo vytvoří štítek k tomuto záznamu!
|
MARC
| LEADER | 00000nam a2200000Ia 4500 | ||
|---|---|---|---|
| 003 | 010260 | ||
| 005 | 20221231144030.0 | ||
| 008 | 140114s2011 cr a 000 ||s d | ||
| 040 | |c cru CEDI | ||
| 090 | |a TFG 6312 | ||
| 100 | |a Sandoval Gómez, Christian Manrique |9 2694 | ||
| 245 | |a Evaluación técnica de la calidad y seguridad en obra del proceso constructivo en la construcción de tres puentes en vías cantonales en Costa Rica y propuesta de listas de verificación para utilizar en la etapa constructiva | ||
| 260 | |c 2011 |b [San José], Costa Rica | ||
| 500 | |a Proyecto de graduación (licenciatura en ingeniería civil)--Universidad de Costa Rica. Facultad de Ingeniería. Escuela de Ingeniería Civil | ||
| 650 | |x CONSTRUCCION DE PUENTES |x CONTROL DE CALIDAD |x MEDIDAS DE SEGURIDAD |x INSPECCION |x COSTA RICA |9 2695 | ||
| 942 | |c TFG | ||
| 999 | |c 15892 |d 15892 | ||
